Monster Hunter 4 Ultimate Monster Quiz - Statistics

General Stats
  • This quiz has been taken 430 times
  • The average score is 12 of 17
Answer Stats
Hint Color Answer % Correct
Fire Wyvern Red / Black Rathalos
93%
Ice Shark Light Blue / Blue Zamtrios
92%
Poison Wyvern Green Rathian
90%
Snow Rabbit White / Black Lagombi
88%
Frenzied Dragon Black / Purple Gore Magala
83%
Rock Toad Orange / Red Tetsucabra
82%
Lancer Insect Green Seltas
80%
Smelly Baboon Brown / Gray Congalala
79%
Stone Dragon Gray Gravios
76%
Poisonous Arachnid White / Black Nerscylla
76%
Sightless Worm Gray Khezu
72%
Colossal Armored Insect Green Seltas Queen
71%
Paralyzing Velociraptor Green / Yellow Gendrome
68%
Enraged Lemur Red / Orange Kecha Wacha
64%
Reckless Bird Light Red Yian Kut-ku
61%
Great Charismatic Velociraptor Blue / Purple Great Jaggi
50%
Flashy Snake Lime Green / Orange Najarala
9%
No matching quizzes found
Score Distribution
Percent of People with Each Score
Percentile by Number Answered
Your Score History
You have not taken this quiz